| 000 | nam a22 7a 4500 | ||
|---|---|---|---|
| 999 |
_c1207 _d1207 |
||
| 005 | 20170508154603.0 | ||
| 008 | 170508b2006 my ||||| |||| 00| 0 may d | ||
| 020 | _a983301108X | ||
| 040 | _aAKMAL | ||
| 082 | _a297.5 BUG | ||
| 090 |
_a297.5 _bBUG |
||
| 245 |
_aFiqhul Manhaji Al-Shafie (Jilid 2) _cDr Mustapha Al-Bugha, Dr Mustapha Al-Khen, Sheikh Ali Asy-Syarbaji, diterjemah oleh Panel Penterjemah |
||
| 260 |
_aKuala Lumpur _bDarul Fajr _c2006 |
||
| 300 |
_a631ms _ccm |
||
| 942 |
_2ddc _cBOOK |
||